|
|
|
|
| LEADER |
01122nam a2200265 a 4500 |
| 001 |
GR-Patra21460 |
| 008 |
070427s1992 it g 000 0 ita d |
| 020 |
|
|
|a 8838001952
|
| 040 |
|
|
|a GrPaTEI
|b gre
|c GR-PaULI
|
| 040 |
|
|
|a GrPaTEI
|b gre
|c GR-PaULI
|
| 082 |
|
0 |
|a 450
|2 21
|
| 100 |
1 |
|
|a Martignone, Roberto
|
| 245 |
1 |
0 |
|a Come superare l' esame di ammissione alle facolta a numero chiuso :
|b bocconi, cattolica, statale luiss, la sapienza e scuole dirette a fini speciali /
|c Roberto Martignone.
|
| 250 |
|
|
|a 4a ed.
|
| 260 |
|
|
|a Milano :
|b Edizioni Sipiel,
|c [1992]
|
| 300 |
|
|
|a [288] σ. :
|b εικ.
|
| 500 |
|
|
|a 900 test
|
| 650 |
|
4 |
|a Ιταλική γλώσσα
|x Διδασκαλία
|
| 650 |
|
4 |
|a Ιταλικη γλώσσα
|x Εγχειρίδιο για ξένους ομιλητές
|
| 710 |
0 |
|
|a Sipiel
|
| 710 |
2 |
|
|a Centro Elaborazione test
|
| 942 |
|
|
|2 ddc
|
| 952 |
|
|
|0 0
|1 0
|2 ddc
|4 0
|6 450_000000000000000_MAR
|7 0
|9 301773
|a LISK
|b LISK
|c BSC
|d 2021-01-17
|e 24
|f 0
|g 0.00
|l 0
|o 450 MAR
|p 92410012361
|r 2021-01-17 00:00:00
|t 1
|w 2021-01-17
|y BK15
|x 20070427 0 1
|x GrPaTEI
|
| 971 |
|
|
|a .b26690330
|b 15-04-20
|c 26-09-16
|
| 999 |
|
|
|c 175431
|d 175431
|